000 nam a22 a 4500
999 _c4316
_d4316
003 AKMAL
005 20170529081029.0
008 170529s2012 my e l 000 0 may d
020 _a9789678918275
_qpaperback
082 0 4 _a340.5909595 MAL
_223
090 0 0 _a340.5909595
_bMAL
110 1 _aMalaysia,
_ejurisdiction governed.
_9400
245 1 0 _aUNDANG-UNDANG SYARIAH WILAYAH-WILAYAH PERSEKUTUAN:
_bMengandungi Akta Kesalahan Jenayah Syariah (Wilayah-Wilayah Persekutuan) 1997 [Akta 559] ; Akta Tatacara Jenayah Syariah (Wilayah-Wilayah Persekutuan) 1997 [Akta 560]; Akta Keterangan Mahkamah Syariah (Wilayah-Wilayah Persekutuan) 1997 [Akta 561] : HINGGA 15HB FEBRUARI 2012 /
_cDisusun oleh: Lembaga Penyelidikan Undang-Undang
264 1 _aPetaling Jaya, Selangor :
_bInternational Law Book Services,
_c2012
300 _a240 pages ;
_c24 cm.
490 1 _aUNDANG-UNDANG MALAYSIA
650 1 0 _aIslamic law
_zWilayah Persekutuan
_98405
650 2 0 _aCourts, Islamic
_zWilayah Persekutuan
_98406
650 2 0 _aCivil procedure (Islamic law)
_zWilayah Persekutuan
_98407
710 2 _aLembaga Penyelidikan Undang-Undang,
_eeditor.
_98408
830 0 _aUndang-undang Malaysia
_98409
942 _2ddc
_cBOOK